<?xml version="1.0" encoding="UTF-8"?>
<collection xmlns="http://www.loc.gov/MARC21/slim">
  <record>
    <leader>00000nam  2200000   4500</leader>
    <controlfield tag="001">INLIS000000000000438</controlfield>
    <controlfield tag="005">20190514094541</controlfield>
    <datafield tag="035" ind1="#" ind2="#">
      <subfield code="a">0010-0718000438</subfield>
    </datafield>
    <controlfield tag="008">190514################g##########0#ind##</controlfield>
    <datafield tag="020" ind1="#" ind2="#">
      <subfield code="a">9789797693398</subfield>
    </datafield>
    <datafield tag="041" ind1=" " ind2=" ">
      <subfield code="a">id</subfield>
    </datafield>
    <datafield tag="082" ind1="#" ind2="#">
      <subfield code="a">351</subfield>
    </datafield>
    <datafield tag="090" ind1=" " ind2=" ">
      <subfield code="a">351 Ali t</subfield>
    </datafield>
    <datafield tag="100" ind1=" " ind2="#">
      <subfield code="a">Ali,Faried</subfield>
    </datafield>
    <datafield tag="245" ind1="1" ind2="#">
      <subfield code="a">Teori Dan Konsep Administrasi Dari Pemikiran Paradigmatik Menuju Redefinisi /</subfield>
      <subfield code="c">Faried Ali</subfield>
    </datafield>
    <datafield tag="250" ind1="#" ind2="#">
      <subfield code="a">ed.1</subfield>
    </datafield>
    <datafield tag="260" ind1="#" ind2="#">
      <subfield code="a">Jakarta :</subfield>
      <subfield code="b">PT.Raja Grafindo,</subfield>
      <subfield code="c">2013</subfield>
    </datafield>
    <datafield tag="300" ind1="#" ind2="#">
      <subfield code="a">xxiii,219 hlm. :</subfield>
      <subfield code="b">ilus ;</subfield>
      <subfield code="c">21 cm</subfield>
    </datafield>
    <datafield tag="650" ind1=" " ind2="#">
      <subfield code="a">Administrasi</subfield>
    </datafield>
    <datafield tag="084" ind1="#" ind2="#">
      <subfield code="a">351 Ali t</subfield>
    </datafield>
    <datafield tag="520" ind1="#" ind2="#">
      <subfield code="a">Dalam buku ini diuraikan perkembangan teori Administrasi mulai dari teori Administrasi Klasik, New Klasik, Administrasi Modern sampai pada teori Administrasi Publik. Buku ini membahas bagaimana teori dihasilkan, yakni dari proses saling mengisi antara rasional dan empiris. Teori yang lahir dari kekuatan rasio akan menuntun peneliti untuk mendapatkan data sesuai fakta melalui penelitian empirik. Dari proses saling berkontribusi antara rasional dan empirik inilah teori Administrasi dihasilkan. Penulis berusaha untuk merumuskan konsep Administrasi yang ssuaii dengan esensi manusia administrasi. Ia mengharapkan konsep administrasi ini dapat dijadikan sebagai konsep alternatif dalam kegiatan-kegiatan korupsi dan malpraktik administrasi dikalangan birokrasi. Buku ini merupakan buku pegangan bagi mahasiswa S1, S2 dan S3, khususnya bagi yang mengkaji Ilmu administrasi Publik dan Pemerintahan serta Ilmu Sosial dan Politik pada umumnya.</subfield>
    </datafield>
    <datafield tag="856" ind1="#" ind2="#">
      <subfield code="a">Perpustakaan Lembaga Administrasi Negara</subfield>
    </datafield>
    <datafield tag="990" ind1="#" ind2="#">
      <subfield code="a">141217164</subfield>
    </datafield>
    <datafield tag="990" ind1="#" ind2="#">
      <subfield code="a">141217163</subfield>
    </datafield>
    <datafield tag="990" ind1="#" ind2="#">
      <subfield code="a">141217164</subfield>
    </datafield>
  </record>
</collection>
